000 02620ncm0a22004211 4500
001 RU\NLR\ONIZ\221577
005 20250626094622.0
010 _a5-7379-0268-4
035 _aRU\NLR\ONIZ\Таня\5000006328\20171124155718
035 _a(NLR Aleph) 011590445
071 2 0 _aс 4021 к
090 _a10835251
_c10835251
100 _a20171124d2005 |||y0rusy50 ca
101 0 _ager
_feng
_frus
102 _aRU
145 0 _ac
200 1 _aКантата
_bНоты
_e"Mein Herze schwimmt im Blut"
_eдля сопрано, струнных и континуо
_eBWV 199
_fИ. С. Бах
_gреконструкция кётенской версии, вступит. ст. и коммент. Т. Шабалиной
208 _aПартитура, партии
210 _aСанкт-Петербург
_cКомпозитор-Санкт-Петербург
_d2005
215 _a40 с., 6 парт. (35 с. разд. паг.)
_d30 см
300 _aНа с. 3-5: факс. воспроизведение рукописи И. С. Баха.
300 _aПредисл.: с. 6-15
300 _aТит. л., предисл. рус., англ.; лит. текст нем.
313 _aСистематизация документа проведена по изданию - Методика классифицирования музыкальных произведений (нотных изданий) по таблицам Библиотечно-библиографических классификаций : метод. рекомендации / Гос. б-ка СССР им. В.И. Ленина.- М., 1977. Индексу ББК методических рекомендаций присваивается код ББК для научных библиотек - LBC/SL
606 1 _aКантаты для женского голоса, струнных и континуо
_yГермания
_z18 век
_jНоты
_2nlr_sh
686 _aЩ963(4Г)Пг
_vLBC/SL
_2rubbk
700 1 _9z01790
_aБах
_bИ. С.
_f1685-1750
_gИоганн Себастьян
_4230
_7ca
702 1 _4072
_4080
_7ca
_8rus
_aШабалина
_bТ. В.
_f1957-
_gТатьяна Васильевна
_9251267
_3RU\NLR\AUTH\770251323
790 1 _9z01700
_aBach
_bJ. S.
_f1685-1750
_gJohann Sebastian
_4230
_7ba
790 1 _4072
_4080
_7ba
_8rus
_aŠabalina
_bT. V.
_f1957-
_gTat'jana Vasil'evna
_9251269
_3RU\NLR\AUTH\770251325
801 0 _aRU
_bNLR
_c20171124
_gPSBO
801 1 _aRU
_bNLR
_c20171124
_2rusmarc
801 2 _aRU
_bNLR
_c20180702
852 _aNLR
_bМ
_jК-3/29137
_p259415
_t1
942 _cSCORE
980 _aNB
980 _aONIZ